The great escape (Record no. 74019)
[ view plain ]
| 000 -LEADER | |
|---|---|
| fixed length control field | 01343cab a2200229 4500 |
| 001 - CONTROL NUMBER | |
| control field | ABS67388 |
| 008 - FIXED-LENGTH DATA ELEMENTS--GENERAL INFORMATION | |
| fixed length control field | 040106n2003 000 0 eng u |
| 035 ## - SYSTEM CONTROL NUMBER | |
| System control number | (Sirsi) u124718 |
| 100 ## - MAIN ENTRY--PERSONAL NAME | |
| Personal name | Allen, K. |
| 245 #4 - TITLE STATEMENT | |
| Title | The great escape |
| 260 ## - PUBLICATION, DISTRIBUTION, ETC. | |
| Date of publication, distribution, etc. | 2003 |
| 490 ## - SERIES STATEMENT | |
| Series statement | Building |
| Volume/sequential designation | 268(8310) 28 November 2003, 50-51(2) |
| 520 ## - SUMMARY, ETC. | |
| Summary, etc. | Provides a summary of the latest Building/Hays Montrose careers survey of the construction industry. Quality of life emerges as one of the biggest issues with the long-hours culture still in place within much of the construction industry.The work-life balance is also illustrated in the reasons that employees may look for another job, with reducing stress coming very high on the agenda just behind the desire for a wage increase. Workplace location in relation to the employees' home is regarded as crucial. The majority of the respondents also considered that government was not doing enough for construction apart from the introduction of family friendly rules on flexible working hours. A summary of the results in available at www.building.co.uk. |
| 590 ## - LOCAL NOTE (RLIN) | |
| Local note | ABS |
| 650 ## - SUBJECT ADDED ENTRY--TOPICAL TERM | |
| Topical term or geographic name entry element | BUILDING/HAYS MONTROSE CAREERS SURVEY |
| 650 ## - SUBJECT ADDED ENTRY--TOPICAL TERM | |
| Topical term or geographic name entry element | FLEXIBLE WORKING |
| 650 ## - SUBJECT ADDED ENTRY--TOPICAL TERM | |
| Topical term or geographic name entry element | WORK/LIFE BALANCE |
| 650 ## - SUBJECT ADDED ENTRY--TOPICAL TERM | |
| Topical term or geographic name entry element | WORK PATTERNS |
| 650 ## - SUBJECT ADDED ENTRY--TOPICAL TERM | |
| Topical term or geographic name entry element | SALARY INCREASES |
| 690 ## - LOCAL SUBJECT ADDED ENTRY--TOPICAL TERM (OCLC, RLIN) | |
| Topical term or geographic name as entry element | TRAINING AND CAREER DEVELOPMENT |
| 942 ## - ADDED ENTRY ELEMENTS (KOHA) | |
| Suppress in OPAC | 0 |
| Withdrawn status | Lost status | Source of classification or shelving scheme | Damaged status | Not for loan | Home library | Current library | Shelving location | Date acquired | Total Checkouts | Full call number | Barcode | Date last seen | Copy number | Price effective from | Koha item type |
|---|---|---|---|---|---|---|---|---|---|---|---|---|---|---|---|
| Dewey Decimal Classification | London | London | Journal article | 06/01/2004 | ABS67388 | 124718-1001 | 06/08/2019 | 1 | 06/08/2019 | Journal article |